[Event "GRE-chT Online Rapid op 1st"]
[Site "Tornelo INT"]
[Date "2021.02.21"]
[Round "8.17"]
[White "Sarantopoulos, Panayiotis"]
[Black "Papageorgiou, Vasileios Riginos"]
[Result "1-0"]
[WhiteElo "1663"]
[BlackElo "1070"]
[PlyCount "93"]
[EventDate "2021.02.20"]
[EventType "team-swiss (rapid)"]
[EventRounds "9"]
[EventCountry "GRE"]
[SourceTitle "EXT 2023"]
[Source "ChessBase"]
[SourceDate "2022.10.05"]
[SourceVersion "1"]
[SourceVersionDate "2022.10.05"]
[SourceQuality "1"]

1. e4 e5 2. d4 exd4 3. Qxd4 Nc6 4. Qe3 b6 5. Nc3 Bc5 6. Qg3 g6 7. Bd2 Nf6 8. 0-0-0 d6 9. Bb5 Bb7 10. Qf3 Nd7 11. Nd5 f6 12. h4 Rf8 13. h5 g5 14. Ne2 Nde5 15. Qf5 Bc8 16. Qxh7 Rf7 17. Qh6 Qd7 18. Qh8+ Rf8 19. Nxf6+ Ke7 20. Qxf8+ Kxf8 21. Nxd7+ Bxd7 22. h6 Nd4 23. Nxd4 Bxd4 24. Bxd7 Nxd7 25. Bxg5 c5 26. Be3 Bf6 27. Rxd6 Ke7 28. Rdd1 Ne5 29. h7 Nc4 30. c3 Nxe3 31. fxe3 Be5 32. Rd5 Bf6 33. Rdh5 Rh8 34. Kd2 Kf7 35. Ke2 Kg6 36. g4 Bg7 37. Rd5 Ra8 38. Rd6+ Kg5 39. Rd7 Bh8 40. Kf3 Rf8+ 41. Ke2 a5 42. Rb7 Kxg4 43. Rg1+ Kh5 44. Rg8 Rxg8 45. hxg8Q Bg7 46. Rxg7 Kh4 47. Rh7# 1-0

[Event "GRE-chT Online Rapid op 1st"]
[Site "Tornelo INT"]
[Date "2021.02.20"]
[Round "2.21"]
[White "Sarantopoulos, Panayiotis"]
[Black "Charalampidis, Vasilios"]
[Result "0-1"]
[WhiteElo "1663"]
[BlackElo "1394"]
[PlyCount "50"]
[EventDate "2021.02.20"]
[EventType "team-swiss (rapid)"]
[EventRounds "9"]
[EventCountry "GRE"]
[SourceTitle "EXT 2023"]
[Source "ChessBase"]
[SourceDate "2022.10.05"]
[SourceVersion "1"]
[SourceVersionDate "2022.10.05"]
[SourceQuality "1"]

1. e4 c6 2. d3 d5 3. Nd2 dxe4 4. dxe4 Nf6 5. Ngf3 Bg4 6. Qe2 e6 7. g3 Nbd7 8. Bg2 Qc7 9. 0-0 e5 10. b3 0-0-0 11. Bb2 h5 12. a4 Bc5 13. c3 h4 14. b4 Be7 15. a5 Nh5 16. Qe3 c5 17. b5 Qd6 18. c4 hxg3 19. hxg3 f6 20. Rfd1 Qe6 21. Rac1 Bh3 22. Nb3 Bxg2 23. Kxg2 Nf4+ 24. Kf1 Qh3+ 25. Kg1 Qh1# 0-1

[Event "West Attica-ch U16"]
[Site "Athens"]
[Date "2009.09.12"]
[Round "7"]
[White "Routsi, Theodoros"]
[Black "Sarantopoulos, Panayiotis"]
[Result "0-1"]
[WhiteElo "1005"]
[BlackElo "1240"]
[PlyCount "65"]
[EventDate "2009.09.08"]
[EventType "swiss"]
[EventRounds "7"]
[EventCountry "GRE"]
[SourceTitle "EXT 2011"]
[Source "ChessBase"]
[SourceDate "2010.11.26"]
[SourceVersion "1"]
[SourceVersionDate "2010.11.26"]
[SourceQuality "1"]

1. e4 e5 2. Nf3 Nf6 3. Nxe5 d6 4. Nf3 Nxe4 5. d3 Nf6 6. Bg5 Be7 7. Qe2 0-0 8. Qe4 Nxe4 9. Bxe7 Qxe7 10. dxe4 Qxe4+ 11. Be2 Qxc2 12. Nbd2 Qxb2 13. 0-0 Nc6 14. Rfb1 Qf6 15. Nb3 Be6 16. h3 Bxb3 17. axb3 Nd4 18. Ra2 Nxe2+ 19. Rxe2 Rfe8 20. Rbe1 Rxe2 21. Rxe2 h6 22. Re3 a5 23. Nd2 d5 24. Rf3 Qd6 25. g3 c5 26. Rf4 b5 27. Kg2 c4 28. bxc4 dxc4 29. Nxc4 bxc4 30. Rxc4 Qd5+ 31. Kh2 Qxc4 32. Kg2 Rd8 33. h4 0-1

[Event "West Attica-ch U16"]
[Site "Athens"]
[Date "2009.09.09"]
[Round "4"]
[White "Loupelis, Konstantinos"]
[Black "Sarantopoulos, Panayiotis"]
[Result "1-0"]
[WhiteElo "1160"]
[BlackElo "1240"]
[PlyCount "108"]
[EventDate "2009.09.08"]
[EventType "swiss"]
[EventRounds "7"]
[EventCountry "GRE"]
[SourceTitle "EXT 2011"]
[Source "ChessBase"]
[SourceDate "2010.11.26"]
[SourceVersion "1"]
[SourceVersionDate "2010.11.26"]
[SourceQuality "1"]

1. e4 e5 2. Nf3 Nf6 3. Nxe5 d6 4. Nf3 Nxe4 5. d4 d5 6. Bf4 c5 7. Bd3 Bg4 8. c4 cxd4 9. 0-0 Nc6 10. cxd5 Qxd5 11. Bxe4 Qd7 12. Qa4 d3 13. Nbd2 Be7 14. Rfe1 0-0 15. Bxc6 bxc6 16. Ne5 Qd5 17. Nxg4 Bd6 18. Ne3 Qc5 19. Rac1 Qb4 20. Qxb4 Bxb4 21. Red1 Rac8 22. a3 Ba5 23. Nb3 Bb6 24. Rxd3 Bxe3 25. Bxe3 a6 26. Na5 Rfd8 27. Rxd8+ Rxd8 28. Nxc6 Rd7 29. Nb8 Rd8 30. Nxa6 Kf8 31. f3 Ke7 32. Bc5+ Ke6 33. Re1+ Kf5 34. b4 h5 35. b5 g5 36. b6 Ra8 37. b7 Rxa6 38. b8Q Re6 39. Rxe6 fxe6 40. Qf8+ Ke5 41. Qd6+ Kf5 42. g4+ hxg4 43. Qf8+ Ke5 44. Bd6+ Kd5 45. fxg4 Ke4 46. Qf6 e5 47. Qxe5+ Kf3 48. Qg3+ Ke4 49. a4 Kd5 50. a5 Kc6 51. a6 Kb6 52. Qc3 Ka7 53. Qb2 Kxa6 54. Bc5 Ka5 1-0

[Event "West Attica-ch U16"]
[Site "Athens"]
[Date "2009.09.08"]
[Round "1"]
[White "Sarantopoulos, Panayiotis"]
[Black "Roussi, Ioanna"]
[Result "1-0"]
[WhiteElo "1240"]
[BlackElo "1010"]
[PlyCount "81"]
[EventDate "2009.09.08"]
[EventType "swiss"]
[EventRounds "7"]
[EventCountry "GRE"]
[SourceTitle "EXT 2011"]
[Source "ChessBase"]
[SourceDate "2010.11.26"]
[SourceVersion "1"]
[SourceVersionDate "2010.11.26"]
[SourceQuality "1"]

1. Nf3 Nc6 2. e4 e5 3. Bb5 b6 4. Nc3 Bb7 5. Bxc6 Bxc6 6. Nxe5 Qf6 7. Nxc6 dxc6 8. d3 Bc5 9. Qe2 Ne7 10. a3 0-0 11. Be3 Rab8 12. 0-0 Bd6 13. d4 Ng6 14. e5 Nxe5 15. dxe5 Qxe5 16. g3 Rbe8 17. Rfe1 Qf5 18. Rad1 Bc5 19. Qd3 Qg4 20. Bxc5 Rxe1+ 21. Rxe1 bxc5 22. Qe4 Qd7 23. Rd1 Qc8 24. Qxc6 Qf5 25. Qe4 Qc8 26. Nd5 Qd8 27. Ne7+ Kh8 28. Rxd8 Rxd8 29. Qb7 Re8 30. Qxc7 h6 31. Qxc5 Rxe7 32. Qxe7 Kh7 33. c4 Kg6 34. c5 Kf5 35. c6 Kg4 36. c7 Kf3 37. Qe3+ Kg4 38. c8Q+ Kh5 39. g4+ Kg6 40. Qe4+ Kf6 41. Qcc6+ 1-0